La Casa de Alba (Record no. 169254)

MARC details
000 -LEADER
campo de control de longitud fija 00852nam a2200241 i 4500
001 - NÚMERO DE CONTROL
campo de control 169254
003 - IDENTIFICADOR DE NÚMERO DE CONTROL
campo de control ES-MaACL
005 - FECHA Y HORA DE LA ÚLTIMA TRANSACCIÓN
campo de control 20240127063010.0
008 - DATOS DE LONGITUD FIJA--INFORMACIÓN GENERAL
campo de control de longitud fija 080826s2007 sp |||| | spa d
017 ## - NÚMERO DE COPYRIGHT O DE DEPÓSITO LEGAL
Número de copyright o de depósito legal M-52.477-2006
020 ## - NÚMERO INTERNACIONAL ESTÁNDAR DEL LIBRO
Número Internacional Estándar del Libro 978-84-9734-595-8
080 ## - NÚMERO DE LA CLASIFICACIÓN DECIMAL UNIVERSAL
Número de la Clasificación Decimal Universal 929.52 Alba, Duques de
100 1# - ENTRADA PRINCIPAL--NOMBRE DE PERSONA
Nombre de persona Sampedro Escolar, José Luis,
Fechas asociadas al nombre 1958-
9 (RLIN) 138335
245 13 - MENCIÓN DEL TÍTULO
Título La Casa de Alba
Resto del título : mil años de historia y de leyendas : del obispo don Gutierre a la duquesa Cayetana /
Mención de responsabilidad, etc. José Luis Sampedro Escolar.
250 ## - MENCION DE EDICION
Mención de edición 1ª ed.
260 ## - PUBLICACIÓN, DISTRIBUCIÓN, ETC.
Lugar de publicación, distribución, etc. Madrid :
Nombre del editor, distribuidor, etc. La Esfera de los Libros,
Fecha de publicación, distribución, etc. 2007.
300 ## - DESCRIPCIÓN FÍSICA
Extensión 461 p., [64] p. de lám. ;
Dimensiones 25 cm.
504 ## - NOTA DE BIBLIOGRAFÍA, ETC.
Nota de bibliografía, etc. Bibliografía.
600 34 - PUNTO DE ACCESO ADICIONAL DE MATERIA--NOMBRE DE PERSONA
Nombre de persona Alba,
Títulos y otros términos asociados al nombre Duques de-
Subdivisión general Historia.
9 (RLIN) 138336
610 14 - PUNTO DE ACCESO ADICIONAL DE MATERIA--NOMBRE DE ENTIDAD CORPORATIVA
Nombre de entidad corporativa o nombre de jurisdicción como elemento de entrada Casa de Alba-
Subdivisión general Historia.
9 (RLIN) 138337
852 4# - LOCALIZACIÓN
Ubicación ES-MaACL
Número de control de estantería L-29715
itemnumber R.143036
Holdings
Estatus retirado Estado de pérdida Estado de daño No para préstamo Biblioteca de origen Biblioteca actual Ubicación en estantería Fecha de adquisición Fuente de adquisición Total de préstamos Signatura topográfica completa Código de barras Visto por última vez Precio de reemplazo Tipo de ítem Koha
        Biblioteca del Ateneo de Madrid Biblioteca del Ateneo de Madrid Depósito 2 26/08/2008     L-29715 1177697 23/02/2023 23/02/2023 Libro impreso